MARC details
| 000 -LEADER |
| fixed length control field |
06071cgm a2201105Ii 4500 |
| 001 - CONTROL NUMBER |
| control field |
ocn624365251 |
| 003 - CONTROL NUMBER IDENTIFIER |
| control field |
OCoLC |
| 005 - DATE AND TIME OF LATEST TRANSACTION |
| control field |
20200320211928.0 |
| 007 - PHYSICAL DESCRIPTION FIXED FIELD--GENERAL INFORMATION |
| fixed length control field |
vd cvaizq |
| 008 - FIXED-LENGTH DATA ELEMENTS--GENERAL INFORMATION |
| fixed length control field |
100520p20101997cau155 vleng d |
| 019 ## - |
| -- |
1014383549 |
| -- |
1020456377 |
| -- |
1032251115 |
| -- |
1037079100 |
| -- |
1037232787 |
| -- |
1037982974 |
| 020 ## - INTERNATIONAL STANDARD BOOK NUMBER |
| International Standard Book Number |
1419893718 |
| 020 ## - INTERNATIONAL STANDARD BOOK NUMBER |
| International Standard Book Number |
9781419893711 |
| 020 ## - INTERNATIONAL STANDARD BOOK NUMBER |
| Terms of availability |
10.00 |
| 024 1# - OTHER STANDARD IDENTIFIER |
| Standard number or code |
883929107711 |
| 024 1# - OTHER STANDARD IDENTIFIER |
| Standard number or code |
883929141531 |
| 028 42 - PUBLISHER NUMBER |
| Publisher number |
3000029975 |
| Source |
Warner Home Video |
| 028 42 - PUBLISHER NUMBER |
| Publisher number |
3000031360 |
| Source |
Warner Home Video |
| 029 1# - (OCLC) |
| OCLC library identifier |
AU@ |
| System control number |
000055083918 |
| 035 ## - SYSTEM CONTROL NUMBER |
| System control number |
(OCoLC)624365251 |
| Canceled/invalid control number |
(OCoLC)1014383549 |
| -- |
(OCoLC)1020456377 |
| -- |
(OCoLC)1032251115 |
| -- |
(OCoLC)1037079100 |
| -- |
(OCoLC)1037232787 |
| -- |
(OCoLC)1037982974 |
| 037 ## - SOURCE OF ACQUISITION |
| Source of stock number/acquisition |
Midwest Tape |
| Note |
http://www.midwesttapes.com |
| 040 ## - CATALOGING SOURCE |
| Original cataloging agency |
TEFMT |
| Language of cataloging |
eng |
| Description conventions |
rda |
| Transcribing agency |
TEFMT |
| Modifying agency |
TEF |
| -- |
YDXCP |
| -- |
TEF |
| -- |
OCLCA |
| -- |
OCLCQ |
| -- |
VPI |
| -- |
OCLCF |
| -- |
P4I |
| -- |
OCLCO |
| -- |
OCLCA |
| -- |
OCL |
| -- |
OCLCO |
| -- |
OCLCA |
| -- |
NRM |
| -- |
MNO |
| -- |
OCLCO |
| -- |
OCL |
| -- |
OCLCO |
| -- |
CNUTO |
| -- |
OCLCQ |
| -- |
KYD |
| -- |
WACOL |
| 041 1# - LANGUAGE CODE |
| Language code of text/sound track or separate title |
eng |
| -- |
fre |
| -- |
eng |
| -- |
fre |
| -- |
spa |
| Language code of original and/or intermediate translations of text |
eng |
| 043 ## - GEOGRAPHIC AREA CODE |
| Geographic area code |
n-us-ga |
| 046 ## - SPECIAL CODED DATES |
| Beginning or single date created |
1997 |
| 049 ## - LOCAL HOLDINGS (OCLC) |
| Holding library |
WACL |
| 050 14 - LIBRARY OF CONGRESS CALL NUMBER |
| Classification number |
PN1997 |
| Item number |
.M53 2010 |
| 055 #3 - CLASSIFICATION NUMBERS ASSIGNED IN CANADA |
| Classification number |
F294.S2 |
| Item number |
B4823 2010 |
| 082 04 - DEWEY DECIMAL CLASSIFICATION NUMBER |
| Classification number |
791.43/72 |
| Edition number |
22 |
| 092 ## - LOCALLY ASSIGNED DEWEY CALL NUMBER (OCLC) |
| Classification number |
DVD |
| Item number |
Mid |
| 245 00 - TITLE STATEMENT |
| Title |
Midnight in the garden of good & evil / |
| Statement of responsibility, etc |
Warner Bros. presents a Malpaso production ; in association with Silver Pictures ; produced by Arnold Stiefel ; screenplay by John Lee Hancock ; directed and produced by Clint Eastwood. |
| 246 3# - VARYING FORM OF TITLE |
| Title proper/short title |
Midnight in the garden of good and evil |
| 246 1# - VARYING FORM OF TITLE |
| Display text |
French title: |
| Title proper/short title |
Minuit dans le jardin du bien et du mal |
| 260 ## - PUBLICATION, DISTRIBUTION, ETC. (IMPRINT) |
| Place of publication, distribution, etc |
Burbank, CA : |
| Name of publisher, distributor, etc |
Distributed by Warner Home Video, |
| Date of publication, distribution, etc |
[2010] |
| 300 ## - PHYSICAL DESCRIPTION |
| Extent |
1 videodisc (155 min.) : |
| Other physical details |
sound, color ; |
| Dimensions |
4 3/4 in. |
| 336 ## - Content Type |
| Content type term |
two-dimensional moving image |
| 337 ## - Media type |
| Media type term |
video |
| 338 ## - Carrier type |
| Carrier type term |
videodisc |
| 344 ## - |
| -- |
digital |
| -- |
optical |
| -- |
surround |
| -- |
Dolby Digital 5.1 |
| -- |
rda |
| 346 ## - |
| -- |
NTSC |
| -- |
rda |
| 347 ## - |
| -- |
video file |
| -- |
DVD video |
| -- |
region 1 |
| -- |
rda |
| 380 ## - |
| -- |
Motion picture. |
| 490 1# - SERIES STATEMENT |
| Series statement |
Clint Eastwood collection |
| 538 ## - SYSTEM DETAILS NOTE |
| System details note |
DVD, region 1, widescreen (matted, enhanced) presentation; Dolby Digital 5.1 surround, dual-layer. |
| 546 ## - LANGUAGE NOTE |
| Language note |
English or dubbed French dialogue, English, French or Spanish subtitles; closed-captioned. |
| 511 1# - PARTICIPANT OR PERFORMER NOTE |
| Participant or performer note |
Kevin Spacey, John Cusack, Jack Thompson, Irma P. Hall, Jude Law, Alison Eastwood, Paul Hipp, The Lady Chablis, Geoffrey Lewis. |
| 508 ## - CREATION/PRODUCTION CREDITS NOTE |
| Creation/production credits note |
Director of photography, Jack N. Green ; editor, Joel Cox ; music, Lennie Niehaus. |
| 500 ## - GENERAL NOTE |
| General note |
Based on the book by John Berendt. |
| 500 ## - GENERAL NOTE |
| General note |
Originally released as a motion picture in 1997. |
| 521 8# - TARGET AUDIENCE NOTE |
| Target audience note |
MPAA rating: R; for language and brief violence. |
| 521 8# - TARGET AUDIENCE NOTE |
| Target audience note |
CVH rating: 14A. |
| 520 ## - SUMMARY, ETC. |
| Summary, etc |
Affable Jim Williams is hosting one of the most important parties of the Savannah Christmas season. John Kelso is a magazine reporter who finds himself amid the beautiful architecture and odd doings to write a feature on the party. His curiosity is piqued when he meets Jim's violent, young and sexy lover, Billy. Later that night, Billy is dead, and Kelso stays on to cover the murder trial. Between being Jim's buddy, cuddling up to a torch singer, meeting every eccentric in Savannah, participating in midnight graveyard rituals and helping solve the mysteries surrounding Billy's murder, Kelso has his hands full. |
| 500 ## - GENERAL NOTE |
| General note |
Special features: "The real people in the garden:" comprehensive interactive tour of Savannah with historical note and interviews with the people depicted in the book and movie; theatrical trailer. |
| 540 ## - TERMS GOVERNING USE AND REPRODUCTION NOTE |
| Terms governing use and reproduction |
This DVD disc is copy protected. |
| 650 #0 - SUBJECT ADDED ENTRY--TOPICAL TERM |
| Topical term or geographic name as entry element |
Parties |
| Geographic subdivision |
Georgia |
| -- |
Savannah |
| Form subdivision |
Drama. |
| 9 (RLIN) |
5971953 |
| 650 #0 - SUBJECT ADDED ENTRY--TOPICAL TERM |
| Topical term or geographic name as entry element |
Reporters and reporting |
| Geographic subdivision |
Georgia |
| -- |
Savannah |
| Form subdivision |
Drama. |
| 9 (RLIN) |
5971954 |
| 650 #0 - SUBJECT ADDED ENTRY--TOPICAL TERM |
| Topical term or geographic name as entry element |
Homosexuality |
| Geographic subdivision |
Georgia |
| -- |
Savannah |
| Form subdivision |
Drama. |
| 9 (RLIN) |
5971955 |
| 650 #0 - SUBJECT ADDED ENTRY--TOPICAL TERM |
| Topical term or geographic name as entry element |
Trials (Murder) |
| Geographic subdivision |
Georgia |
| -- |
Savannah |
| Form subdivision |
Drama. |
| 9 (RLIN) |
5971956 |
| 650 #0 - SUBJECT ADDED ENTRY--TOPICAL TERM |
| Topical term or geographic name as entry element |
Murder |
| General subdivision |
Investigation |
| Geographic subdivision |
Georgia |
| -- |
Savannah |
| Form subdivision |
Drama. |
| 9 (RLIN) |
5971957 |
| 650 #7 - SUBJECT ADDED ENTRY--TOPICAL TERM |
| Topical term or geographic name as entry element |
Fiestas |
| Geographic subdivision |
Georgia |
| -- |
Savannah |
| Form subdivision |
Teatro. |
| Source of heading or term |
bidex |
| 9 (RLIN) |
5971958 |
| 650 #7 - SUBJECT ADDED ENTRY--TOPICAL TERM |
| Topical term or geographic name as entry element |
Reporteros y reportajes |
| Geographic subdivision |
Georgia |
| -- |
Savannah |
| Form subdivision |
Teatro. |
| Source of heading or term |
bidex |
| 9 (RLIN) |
5971959 |
| 650 #7 - SUBJECT ADDED ENTRY--TOPICAL TERM |
| Topical term or geographic name as entry element |
Homosexuality. |
| Source of heading or term |
fast |
| -- |
(OCoLC)fst00959755 |
| 9 (RLIN) |
5971960 |
| 650 #7 - SUBJECT ADDED ENTRY--TOPICAL TERM |
| Topical term or geographic name as entry element |
Murder |
| General subdivision |
Investigation. |
| Source of heading or term |
fast |
| -- |
(OCoLC)fst01029788 |
| 9 (RLIN) |
88186 |
| 650 #7 - SUBJECT ADDED ENTRY--TOPICAL TERM |
| Topical term or geographic name as entry element |
Parties. |
| Source of heading or term |
fast |
| -- |
(OCoLC)fst01054162 |
| 9 (RLIN) |
5971961 |
| 650 #7 - SUBJECT ADDED ENTRY--TOPICAL TERM |
| Topical term or geographic name as entry element |
Reporters and reporting. |
| Source of heading or term |
fast |
| -- |
(OCoLC)fst01094906 |
| 9 (RLIN) |
5971962 |
| 650 #7 - SUBJECT ADDED ENTRY--TOPICAL TERM |
| Topical term or geographic name as entry element |
Trials (Murder) |
| Source of heading or term |
fast |
| -- |
(OCoLC)fst01156368 |
| 9 (RLIN) |
5971963 |
| 651 #7 - SUBJECT ADDED ENTRY--GEOGRAPHIC NAME |
| Geographic name |
Georgia |
| Geographic subdivision |
Savannah. |
| Source of heading or term |
fast |
| -- |
(OCoLC)fst01207319 |
| 9 (RLIN) |
5971964 |
| 655 #7 - INDEX TERM--GENRE/FORM |
| Genre/form data or focus term |
Film adaptations. |
| Source of term |
fast |
| -- |
(OCoLC)fst01710491 |
| 9 (RLIN) |
5971965 |
| 655 #7 - INDEX TERM--GENRE/FORM |
| Genre/form data or focus term |
Fiction films. |
| Source of term |
fast |
| -- |
(OCoLC)fst01710264 |
| 9 (RLIN) |
5674705 |
| 655 #7 - INDEX TERM--GENRE/FORM |
| Genre/form data or focus term |
Feature films. |
| Source of term |
fast |
| -- |
(OCoLC)fst01710384 |
| 9 (RLIN) |
5971966 |
| 655 #7 - INDEX TERM--GENRE/FORM |
| Genre/form data or focus term |
Drama. |
| Source of term |
fast |
| -- |
(OCoLC)fst01423879 |
| 9 (RLIN) |
5673873 |
| 655 #7 - INDEX TERM--GENRE/FORM |
| Genre/form data or focus term |
Feature films. |
| Source of term |
lcgft |
| 9 (RLIN) |
5971966 |
| 655 #7 - INDEX TERM--GENRE/FORM |
| Genre/form data or focus term |
Fiction films. |
| Source of term |
lcgft |
| 9 (RLIN) |
5674705 |
| 655 #7 - INDEX TERM--GENRE/FORM |
| Genre/form data or focus term |
Film adaptations. |
| Source of term |
lcgft |
| 9 (RLIN) |
5971965 |
| 655 #0 - INDEX TERM--GENRE/FORM |
| Genre/form data or focus term |
DVD-Video discs. |
| 9 (RLIN) |
5673658 |
| 700 1# - ADDED ENTRY--PERSONAL NAME |
| Personal name |
Stiefel, Arnold, |
| Relator term |
film producer. |
| 9 (RLIN) |
5971967 |
| 700 1# - ADDED ENTRY--PERSONAL NAME |
| Personal name |
Hancock, John Lee, |
| Relator term |
screenwriter. |
| 9 (RLIN) |
40744 |
| 700 1# - ADDED ENTRY--PERSONAL NAME |
| Personal name |
Eastwood, Clint, |
| Dates associated with a name |
1930- |
| Relator term |
film director, |
| -- |
film producer. |
| 9 (RLIN) |
2607 |
| 700 1# - ADDED ENTRY--PERSONAL NAME |
| Personal name |
Spacey, Kevin, |
| Relator term |
actor. |
| 9 (RLIN) |
60523 |
| 700 1# - ADDED ENTRY--PERSONAL NAME |
| Personal name |
Cusack, John, |
| Dates associated with a name |
1966- |
| Relator term |
actor. |
| 9 (RLIN) |
43552 |
| 700 1# - ADDED ENTRY--PERSONAL NAME |
| Personal name |
Niehaus, Lennie, |
| Relator term |
composer (expression) |
| 9 (RLIN) |
19703 |
| 700 1# - ADDED ENTRY--PERSONAL NAME |
| Personal name |
Green, Jack N., |
| Dates associated with a name |
1946- |
| Relator term |
director of photography. |
| 9 (RLIN) |
5759352 |
| 700 1# - ADDED ENTRY--PERSONAL NAME |
| Personal name |
Cox, Joel, |
| Relator term |
editor of moving image work. |
| 9 (RLIN) |
72838 |
| 700 1# - ADDED ENTRY--PERSONAL NAME |
| -- |
Motion picture adaptation of (work): |
| Personal name |
Berendt, John, |
| Dates associated with a name |
1939- |
| Title of a work |
Midnight in the garden of good and evil. |
| 9 (RLIN) |
5971968 |
| 710 2# - ADDED ENTRY--CORPORATE NAME |
| Corporate name or jurisdiction name as entry element |
Warner Bros. Pictures (1969- ) |
| 9 (RLIN) |
68691 |
| 710 2# - ADDED ENTRY--CORPORATE NAME |
| Corporate name or jurisdiction name as entry element |
Malpaso (Company) |
| 9 (RLIN) |
37512 |
| 710 2# - ADDED ENTRY--CORPORATE NAME |
| Corporate name or jurisdiction name as entry element |
Silver Pictures. |
| 9 (RLIN) |
64721 |
| 710 2# - ADDED ENTRY--CORPORATE NAME |
| Corporate name or jurisdiction name as entry element |
Warner Home Video (Firm) |
| 9 (RLIN) |
61103 |
| 830 #0 - SERIES ADDED ENTRY--UNIFORM TITLE |
| Uniform title |
Clint Eastwood collection. |
| 9 (RLIN) |
66696 |
| 938 ## - |
| -- |
YBP Library Services |
| -- |
YANK |
| -- |
3323389 |
| 942 ## - ADDED ENTRY ELEMENTS (KOHA) |
| Koha item type |
DVD |
| 948 ## - LOCAL PROCESSING INFORMATION (OCLC); SERIES PART DESIGNATOR (RLIN) |
| Series part designator, SPT (RLIN) |
06/01/2018 |
| z (OCLC) |
Sirsi |
| 994 ## - |
| -- |
C0 |
| -- |
WACOL |
| 996 ## - |
| -- |
149983 |
| -- |
34301001552324 |
| -- |
DVD |
| -- |
DVD |
| -- |
wcl |
| -- |
i |
| -- |
6 |
| -- |
10.00 |
| -- |
amazon |
| -- |
Mid |
| -- |
06/01/2018 |
| -- |
12/12/2019 |
| -- |
11/20/2019 |